000 01199cam a22002295a 4500
001 L140037
002 2007/36
008 070830s2007 xxka f 000 0 eng d
035 _a(Sirsi) u140037
041 0 _aeng
050 0 4 _a333.337 $2 18
110 2 _aRoyal Institution of Chartered Surveyors
_94900
245 0 0 _aDuty of care deeds and commercial property
_bwhat the property manager needs to know
_h[electronic resource]
260 _aLondon
_bRICS
_c2007
300 _a9p.
_c30cm.
520 _aExplains the purpose and ramifications of Duty of Care Deeds. Many property managers are being asked to sign these forms when clients refinance. Explains why they are used, and suggests an approach to take when presented with such a document. Includes sample wording aimed at limiting liability. Provides advice for negotiating the deeds and for ensuring that agreements posing unacceptable risk are not entered into.
590 _aKA
651 4 _aUnited Kingdom
_y
690 _aPROPERTY-COMMERCIAL PROPERTY-COMMERCIAL PROPERTY MANAGEMENT
856 4 0 _uhttps://www.rics.org/Global/Downloads/DutyCareDeeds.pdf
_zView 'Duty of care deeds and commercial property' at www.rics.org
942 _n0
999 _c107409
_d107409